000 00768nam a22002657a 4500
003 UA-OsUOA
001 21719
007 ta
008 20031212b un ||||| |||| 00| 0 ukr d
100 _aЦельт Иоганнес
700 _aРейссиг Карл
700 _aХейнке Вольфганг
090 _a32
_bЦ35
942 _cBK
040 _aUA-OsUOA
_brus
_cUA-OsUOA
_dUA-OsUOA
245 _aО влиянии Великой октябрьской социалистической революции на немецкое рабочее движение
300 _a200 с.
955 _a0
041 _arus
080 _a32
260 _aМосква
_bПолитиздат
_c1967
044 _aRU
650 7 _2UDC
999 _c307926
_d307926